Violencias domésticas /
Guardado en:
| Autor principal: | |
|---|---|
| Formato: | Texto |
| Materias: | |
| Etiquetas: |
Agregar Etiqueta
Sin Etiquetas, Sea el primero en etiquetar este registro!
|
MARC
| LEADER | 00000 a a2200000 04500 | ||
|---|---|---|---|
| 001 | 9616 | ||
| 003 | |||
| 040 | |a CRAI/IIS |c CRAI/IIS | ||
| 100 | |a Calveiro, Pilar | ||
| 245 | |a Violencias domésticas / |c Pilar Calveiro | ||
| 650 | |a VIOLENCIA | ||
| 650 | |a CONFLICTOS SOCIALES | ||
| 650 | |a FAMILIA | ||
| 650 | |a SOCIEDAD | ||
| 650 | |a NIÑOS | ||
| 650 | |a PADRES | ||
| 650 | |a MADRES | ||
| 773 | |g volumen 3, número 11; páginas 471-493 | ||
| 999 | |c 20055 |d 20055 | ||
